UM Logo

Consumers' attitude towards basic food prices in digos city / (Record no. 20475)

MARC details
000 -LEADER
fixed length control field 00615nam a22001577a 4500
008 - FIXED-LENGTH DATA ELEMENTS--GENERAL INFORMATION
fixed length control field 240815b ||||| |||| 00| 0 eng d
082 ## - DEWEY DECIMAL CLASSIFICATION NUMBER
Edition number 2024
Classification number UT
100 ## - MAIN ENTRY--PERSONAL NAME
Personal name Formentera, Chena Mae Q.
9 (RLIN) 57818
245 ## - TITLE STATEMENT
Title Consumers' attitude towards basic food prices in digos city /
Statement of responsibility, etc. Chena Mae Q. Formentera, Jenisa D. Formentera, and Vanessa Kate B. Mantilla
260 ## - PUBLICATION, DISTRIBUTION, ETC. (IMPRINT)
Place of publication, distribution, etc. Digos City :
Name of publisher, distributor, etc. UMDC,
Date of publication, distribution, etc. February 2024.
300 ## - PHYSICAL DESCRIPTION
Extent viii, 83 pages :
Dimensions 30 cm.
650 ## - SUBJECT ADDED ENTRY--TOPICAL TERM
Topical term or geographic name as entry element Financial Management.
General subdivision Undergraduate Thesis.
9 (RLIN) 57483
700 ## - ADDED ENTRY--PERSONAL NAME
Personal name Formentera, Jenisa D.
9 (RLIN) 57819
700 ## - ADDED ENTRY--PERSONAL NAME
Personal name Mantilla, Vanessa Kate B.
9 (RLIN) 57820
942 ## - ADDED ENTRY ELEMENTS (KOHA)
Source of classification or shelving scheme Dewey Decimal Classification
Koha item type Undergraduate Thesis
Holdings
Withdrawn status Lost status Source of classification or shelving scheme Damaged status Not for loan Collection code Home library Current library Date acquired Total Checkouts Full call number Date last seen Price effective from Koha item type
    Dewey Decimal Classification     Undergraduate Theses UM Digos College - LIC UM Digos College - LIC 05/10/2024   UT 08/15/2024 08/15/2024 Undergraduate Thesis